000 00586nam a2200241Ia 4500
005 20250425162452.0
008 250425s9999 xx 000 0 und d
020 _a9786074426960
041 _aspa
082 _a657.8
100 _aHORNGREN, CHARLES T.
245 0 _aCONTABILIDAD
250 _a8A ED.
260 _aMéxico
_bPEARSON EDUCACION
_c2010
260 _aNAUCALPAN DE JUAREZ
300 _a896
650 _aCONTABILIDAD
650 _aMERCADO
650 _aSISTEMA DE INFORMACION CONTABLE
700 _aJAIME GOMEZ
_etraductor
942 _c01
010 _a76322
999 _c229864
_d229864